[Event "Team men HL 2016"]
[Site "Sochi"]
[Date "2016.05.04"]
[Round "4.13"]
[White "Nozdrachev, Vladislav"]
[Black "Palachev, Petr"]
[Result "1/2-1/2"]
[LiveChessVersion "1.4.4"]
[BlackElo "2403"]
[WhiteElo "2465"]

1. e4 {[%clk 1:30:56]} e6 {[%clk 1:30:48]} 2. d4 {[%clk 1:31:14]} d5
{[%clk 1:31:09]} 3. exd5 {[%clk 1:31:26]} exd5 {[%clk 1:31:20]} 4. c4
{[%clk 1:31:52]} Nf6 {[%clk 1:31:21]} 5. Nc3 {[%clk 1:32:14]} dxc4
{[%clk 1:31:24]} 6. Bxc4 {[%clk 1:32:35]} Bd6 {[%clk 1:31:49]} 7. Nge2
{[%clk 1:32:40]} O-O {[%clk 1:30:09]} 8. O-O {[%clk 1:32:59]} c6 {[%clk 1:24:42]}
9. h3 {[%clk 1:24:15]} Nbd7 {[%clk 1:15:59]} 10. Bb3 {[%clk 1:23:35]} Nb6
{[%clk 1:16:12]} 11. Bg5 {[%clk 1:23:55]} h6 {[%clk 1:16:02]} 12. Bh4
{[%clk 1:23:58]} Bf5 {[%clk 1:11:57]} 13. Ng3 {[%clk 1:21:13]} Be6
{[%clk 1:08:38]} 14. Bxe6 {[%clk 1:13:18]} fxe6 {[%clk 1:09:06]} 15. Qe2
{[%clk 1:08:06]} Bxg3 {[%clk 1:08:05]} 16. Bxg3 {[%clk 1:06:44]} Qxd4
{[%clk 1:07:34]} 17. Qxe6+ {[%clk 1:07:07]} Rf7 {[%clk 1:07:42]} 18. Rfe1
{[%clk 0:56:49]} Qc4 {[%clk 1:01:19]} 19. Qxc4 {[%clk 0:57:08]} Nxc4
{[%clk 1:01:47]} 20. Na4 {[%clk 0:57:30]} Rd8 {[%clk 0:48:24]} 21. Re2
{[%clk 0:56:56]} Rd5 {[%clk 0:42:00]} 22. Rc1 {[%clk 0:48:40]} Nd6
{[%clk 0:39:31]} 23. Bh2 {[%clk 0:47:55]} Nb5 {[%clk 0:36:52]} 24. Re3
{[%clk 0:44:55]} Rd2 {[%clk 0:35:46]} 25. Rce1 {[%clk 0:42:36]} Nd4
{[%clk 0:25:11]} 26. Bf4 {[%clk 0:41:06]} Rc2 {[%clk 0:19:30]} 27. Be5
{[%clk 0:40:44]} Nf5 {[%clk 0:18:32]} 28. R3e2 {[%clk 0:38:09]} Rxe2
{[%clk 0:18:34]} 29. Rxe2 {[%clk 0:38:37]} Re7 {[%clk 0:18:12]} 30. Kf1
{[%clk 0:38:59]} Nd7 {[%clk 0:14:50]} 31. Bh2 {[%clk 0:39:02]} Kf7
{[%clk 0:15:07]} 32. Rd2 {[%clk 0:33:20]} Ke8 {[%clk 0:12:00]} 33. g4
{[%clk 0:31:31]} Nh4 {[%clk 0:12:29]} 34. Bd6 {[%clk 0:30:45]} Nf3
{[%clk 0:08:31]} 35. Rd1 {[%clk 0:31:08]} Re6 {[%clk 0:08:03]} 36. Bg3
{[%clk 0:28:55]} Ng5 {[%clk 0:06:38]} 37. h4 {[%clk 0:28:38]} Ne4
{[%clk 0:06:59]} 38. Bf4 {[%clk 0:28:51]} b5 {[%clk 0:06:31]} 39. Nc3
{[%clk 0:28:52]} Nxc3 {[%clk 0:06:14]} 40. bxc3 {[%clk 0:59:17]} Re4
{[%clk 0:30:39]} 41. Re1 {[%clk 0:59:25]} Rxe1+ {[%clk 0:30:31]} 42. Kxe1
{[%clk 0:59:49]} Kf7 {[%clk 0:29:58]} 43. h5 {[%clk 0:54:15]} Ke6
{[%clk 0:25:54]} 44. Ke2 {[%clk 0:49:44]} Kd5 {[%clk 0:24:57]} 45. Ke3
{[%clk 0:50:03]} a5 {[%clk 0:24:57]} 46. Bc7 {[%clk 0:49:58]} a4 {[%clk 0:23:29]}
47. f4 {[%clk 0:44:48]} c5 {[%clk 0:22:09]} 48. g5 {[%clk 0:44:07]} b4
{[%clk 0:21:23]} 49. cxb4 {[%clk 0:44:31]} cxb4 {[%clk 0:21:51]} 50. Kd3
{[%clk 0:44:20]} b3 {[%clk 0:17:10]} 51. axb3 {[%clk 0:44:40]} axb3
{[%clk 0:17:39]} 52. Kc3 {[%clk 0:44:56]} Ke4 {[%clk 0:17:36]} 53. Kxb3
{[%clk 0:45:19]} Kf5 {[%clk 0:17:53]} 1/2-1/2

[Event "Team men HL 2016"]
[Site "Sochi"]
[Date "2016.05.04"]
[Round "4.14"]
[White "Mokshanov, Alexey"]
[Black "Moskalenko, Alexander"]
[Result "1/2-1/2"]
[LiveChessVersion "1.4.4"]
[BlackElo "2464"]
[WhiteElo "2425"]

1. e4 {[%clk 1:30:58]} e6 {[%clk 1:30:53]} 2. d4 {[%clk 1:31:18]} d5
{[%clk 1:31:07]} 3. e5 {[%clk 1:31:39]} c5 {[%clk 1:31:13]} 4. c3
{[%clk 1:32:04]} Qb6 {[%clk 1:31:32]} 5. Nf3 {[%clk 1:32:29]} Nc6
{[%clk 1:31:54]} 6. a3 {[%clk 1:32:07]} Nh6 {[%clk 1:31:50]} 7. b4
{[%clk 1:32:27]} cxd4 {[%clk 1:32:12]} 8. cxd4 {[%clk 1:32:41]} Nf5
{[%clk 1:32:32]} 9. Bb2 {[%clk 1:32:52]} Bd7 {[%clk 1:32:39]} 10. g4
{[%clk 1:32:10]} Nfe7 {[%clk 1:32:55]} 11. Nc3 {[%clk 1:32:33]} Ng6
{[%clk 1:32:28]} 12. Na4 {[%clk 1:27:34]} Qd8 {[%clk 1:31:29]} 13. h4
{[%clk 1:27:23]} h5 {[%clk 1:25:46]} 14. g5 {[%clk 1:27:44]} b6 {[%clk 1:23:02]}
15. Rc1 {[%clk 1:22:27]} a6 {[%clk 0:44:32]} 16. Nc3 {[%clk 1:18:05]} b5
{[%clk 0:42:24]} 17. Qd2 {[%clk 1:08:43]} Qb6 {[%clk 0:30:51]} 18. Bd3
{[%clk 1:02:27]} a5 {[%clk 0:22:14]} 19. Nxb5 {[%clk 0:48:53]} axb4
{[%clk 0:20:17]} 20. axb4 {[%clk 0:49:18]} Bxb4 {[%clk 0:19:19]} 21. Bc3
{[%clk 0:48:34]} Bxc3 {[%clk 0:06:16]} 22. Nd6+ {[%clk 0:47:36]} Ke7
{[%clk 0:06:27]} 23. Qxc3 {[%clk 0:47:09]} Qb4 {[%clk 0:03:52]} 24. Qxb4
{[%clk 0:37:35]} Nxb4 {[%clk 0:04:20]} 25. Bxg6 {[%clk 0:38:00]} fxg6
{[%clk 0:04:43]} 26. O-O {[%clk 0:38:24]} Ra3 {[%clk 0:04:11]} 27. Nh2
{[%clk 0:36:06]} Rf8 {[%clk 0:03:27]} 28. Rc7 {[%clk 0:35:35]} Nc6
{[%clk 0:03:05]} 29. Rb1 {[%clk 0:34:26]} Rb8 {[%clk 0:01:27]} 30. Rxb8
{[%clk 0:33:57]} Nxb8 {[%clk 0:01:55]} 31. Kg2 {[%clk 0:31:35]} Nc6
{[%clk 0:02:10]} 32. Nf3 {[%clk 0:31:41]} Kd8 {[%clk 0:01:12]} 33. Rb7
{[%clk 0:30:46]} Ra4 {[%clk 0:01:13]} 34. Kg3 {[%clk 0:25:21]} Nxd4
{[%clk 0:01:04]} 35. Nxd4 {[%clk 0:25:44]} Rxd4 {[%clk 0:01:33]} 36. f3
{[%clk 0:26:03]} Rd1 {[%clk 0:01:01]} 37. Rb8+ {[%clk 0:26:03]} Kc7
{[%clk 0:01:13]} 38. Rg8 {[%clk 0:26:24]} Re1 {[%clk 0:01:15]} 39. Kf4
{[%clk 0:24:20]} d4 {[%clk 0:01:02]} 40. Rxg7 {[%clk 0:52:28]} d3
{[%clk 0:31:02]} 41. Nc4 {[%clk 0:49:46]} Kd8 {[%clk 0:12:10]} 42. Rxg6
{[%clk 0:47:05]} Re2 {[%clk 0:08:48]} 43. Rg8+ {[%clk 0:46:23]} Be8
{[%clk 0:05:46]} 44. g6 {[%clk 0:45:24]} d2 {[%clk 0:06:15]} 45. Nxd2
{[%clk 0:41:07]} Rxd2 {[%clk 0:06:44]} 46. Kg3 {[%clk 0:41:28]} Rd1
{[%clk 0:06:09]} 47. Kg2 {[%clk 0:41:52]} Ke7 {[%clk 0:06:27]} 48. g7
{[%clk 0:42:14]} Bf7 {[%clk 0:05:40]} 49. Rf8 {[%clk 0:42:38]} 1/2-1/2

[Event "Team men HL 2016"]
[Site "Sochi"]
[Date "2016.05.04"]
[Round "4.15"]
[White "Nozdrachev, Leonid"]
[Black "Natacheev, Peter"]
[Result "1-0"]
[LiveChessVersion "1.4.4"]
[BlackElo "2361"]
[WhiteElo "2413"]

1. e4 {[%clk 1:30:30]} e5 {[%clk 1:30:29]} 2. Nf3 {[%clk 1:30:48]} Nc6
{[%clk 1:30:55]} 3. Bb5 {[%clk 1:30:21]} a6 {[%clk 1:30:41]} 4. Ba4
{[%clk 1:30:36]} Nf6 {[%clk 1:31:06]} 5. O-O {[%clk 1:30:43]} Be7
{[%clk 1:31:17]} 6. Bxc6 {[%clk 1:29:21]} dxc6 {[%clk 1:29:24]} 7. Re1
{[%clk 1:27:15]} Qd6 {[%clk 1:24:40]} 8. d3 {[%clk 1:19:19]} Be6 {[%clk 1:21:58]}
9. Nbd2 {[%clk 1:16:31]} h6 {[%clk 1:20:59]} 10. a4 {[%clk 1:12:07]} c5
{[%clk 1:17:01]} 11. b3 {[%clk 1:11:16]} Nd7 {[%clk 1:14:10]} 12. Bb2
{[%clk 1:06:31]} f6 {[%clk 1:10:29]} 13. Nh4 {[%clk 1:02:41]} O-O-O
{[%clk 1:04:34]} 14. Nc4 {[%clk 0:54:41]} Qc6 {[%clk 1:02:20]} 15. Qh5
{[%clk 0:45:29]} Nf8 {[%clk 0:57:14]} 16. Nf5 {[%clk 0:37:32]} Qd7
{[%clk 0:48:49]} 17. Qf3 {[%clk 0:23:34]} g6 {[%clk 0:43:55]} 18. Nxe7+
{[%clk 0:18:21]} Qxe7 {[%clk 0:43:33]} 19. Qe3 {[%clk 0:18:32]} Bxc4
{[%clk 0:43:01]} 20. bxc4 {[%clk 0:18:09]} a5 {[%clk 0:43:03]} 21. f4
{[%clk 0:17:27]} g5 {[%clk 0:43:10]} 22. fxe5 {[%clk 0:16:38]} fxe5
{[%clk 0:43:38]} 23. Rf1 {[%clk 0:15:47]} Nd7 {[%clk 0:44:02]} 24. Qh3
{[%clk 0:14:20]} Qg7 {[%clk 0:30:38]} 25. Rf5 {[%clk 0:12:47]} Rde8
{[%clk 0:31:07]} 26. Raf1 {[%clk 0:12:27]} Re7 {[%clk 0:31:34]} 27. Qf3
{[%clk 0:06:24]} Rh7 {[%clk 0:28:00]} 28. Qg4 {[%clk 0:04:59]} Kd8
{[%clk 0:26:23]} 29. R1f3 {[%clk 0:04:05]} Rh8 {[%clk 0:25:51]} 30. Rf1
{[%clk 0:03:33]} Rh7 {[%clk 0:21:35]} 31. R1f3 {[%clk 0:02:49]} Rh8
{[%clk 0:22:04]} 32. h4 {[%clk 0:03:01]} gxh4 {[%clk 0:20:55]} 33. Qxh4
{[%clk 0:01:39]} Rg8 {[%clk 0:19:11]} 34. Qh3 {[%clk 0:01:56]} Qg4
{[%clk 0:16:49]} 35. Qxg4 {[%clk 0:01:36]} Rxg4 {[%clk 0:17:18]} 36. Rh5
{[%clk 0:01:14]} Re6 {[%clk 0:17:46]} 37. Bc3 {[%clk 0:01:16]} Reg6
{[%clk 0:15:30]} 38. Rf2 {[%clk 0:01:20]} R4g5 {[%clk 0:14:03]} 39. Rxg5
{[%clk 0:01:33]} hxg5 {[%clk 0:14:19]} 40. Rf5 {[%clk 0:31:15]} Rb6
{[%clk 0:43:01]} 41. Kf2 {[%clk 0:28:44]} Rb1 {[%clk 0:43:03]} 42. Ke2
{[%clk 0:27:57]} g4 {[%clk 0:43:31]} 43. Rg5 {[%clk 0:26:15]} b6 {[%clk 0:43:40]}
44. Rxg4 {[%clk 0:24:28]} Ke7 {[%clk 0:44:07]} 45. Rg6 {[%clk 0:19:22]} Rg1
{[%clk 0:44:20]} 46. Be1 {[%clk 0:18:12]} Kf7 {[%clk 0:44:11]} 47. Rg5
{[%clk 0:16:02]} Ke6 {[%clk 0:42:55]} 48. Bh4 {[%clk 0:14:27]} Ra1
{[%clk 0:41:22]} 49. Rg6+ {[%clk 0:14:10]} Kf7 {[%clk 0:41:49]} 50. Rc6
{[%clk 0:14:23]} Rxa4 {[%clk 0:42:02]} 51. Rxc7 {[%clk 0:14:40]} Ke8
{[%clk 0:42:09]} 52. g4 {[%clk 0:12:54]} Ra1 {[%clk 0:42:31]} 53. Be1
{[%clk 0:07:44]} a4 {[%clk 0:41:07]} 54. g5 {[%clk 0:07:41]} a3 {[%clk 0:40:59]}
55. g6 {[%clk 0:07:17]} a2 {[%clk 0:41:27]} 56. Ra7 {[%clk 0:06:29]} Kf8
{[%clk 0:41:26]} 57. Bc3 {[%clk 0:05:33]} Rc1 {[%clk 0:39:09]} 58. Kd2
{[%clk 0:05:32]} Rg1 {[%clk 0:39:37]} 59. Rxd7 {[%clk 0:05:06]} a1=Q
{[%clk 0:39:53]} 60. Bxa1 {[%clk 0:05:24]} Rxa1 {[%clk 0:40:21]} 61. Rb7
{[%clk 0:04:49]} Rb1 {[%clk 0:40:39]} 62. Ke3 {[%clk 0:04:44]} Rb2
{[%clk 0:40:41]} 63. Kf3 {[%clk 0:04:18]} Rxc2 {[%clk 0:40:28]} 64. Rxb6
{[%clk 0:03:15]} Rd2 {[%clk 0:39:57]} 65. Rd6 {[%clk 0:03:32]} Kg7
{[%clk 0:39:29]} 66. Rd5 {[%clk 0:03:43]} Kf6 {[%clk 0:39:26]} 67. g7
{[%clk 0:04:05]} Kxg7 {[%clk 0:39:52]} 68. Ke3 {[%clk 0:04:30]} Ra2
{[%clk 0:40:14]} 69. Rxe5 {[%clk 0:04:55]} Ra5 {[%clk 0:40:39]} 70. Rf5
{[%clk 0:05:20]} Kg6 {[%clk 0:41:04]} 71. Rf2 {[%clk 0:04:46]} Ra3
{[%clk 0:41:26]} 72. e5 {[%clk 0:05:08]} Ra1 {[%clk 0:41:23]} 73. Ke4
{[%clk 0:05:28]} Re1+ {[%clk 0:41:44]} 74. Kd5 {[%clk 0:05:52]} Re3
{[%clk 0:42:09]} 75. Rd2 {[%clk 0:05:45]} Kf5 {[%clk 0:42:34]} 76. Kxc5
{[%clk 0:06:06]} Kxe5 {[%clk 0:42:56]} 77. d4+ {[%clk 0:06:29]} Ke6
{[%clk 0:43:21]} 78. Kc6 {[%clk 0:06:49]} Ke7 {[%clk 0:43:42]} 79. d5
{[%clk 0:07:11]} Kd8 {[%clk 0:43:42]} 80. d6 {[%clk 0:07:33]} Ra3
{[%clk 0:43:50]} 81. Rh2 {[%clk 0:07:44]} Ra6+ {[%clk 0:44:15]} 82. Kd5
{[%clk 0:08:08]} Kd7 {[%clk 0:44:12]} 83. Rh7+ {[%clk 0:08:28]} Kd8
{[%clk 0:44:39]} 84. c5 {[%clk 0:08:51]} Ra1 {[%clk 0:45:03]} 85. Rh8+
{[%clk 0:09:11]} Kd7 {[%clk 0:45:32]} 86. c6# 1-0

[Event "Team men HL 2016"]
[Site "Sochi"]
[Date "2016.05.04"]
[Round "4.16"]
[White "Slavin, Alexey"]
[Black "Bykov, Oleg"]
[Result "1-0"]
[LiveChessVersion "1.4.4"]
[BlackElo "2389"]
[WhiteElo "2366"]

1. d4 {[%clk 1:30:57]} Nf6 {[%clk 1:30:50]} 2. Bf4 {[%clk 1:31:17]} d5
{[%clk 1:30:18]} 3. e3 {[%clk 1:31:12]} e6 {[%clk 1:30:13]} 4. Nf3
{[%clk 1:31:04]} c5 {[%clk 1:30:25]} 5. c3 {[%clk 1:29:49]} Nc6 {[%clk 1:29:13]}
6. Nbd2 {[%clk 1:28:42]} Bd6 {[%clk 1:29:11]} 7. Bg3 {[%clk 1:28:52]} O-O
{[%clk 1:29:25]} 8. Bd3 {[%clk 1:28:56]} b6 {[%clk 1:28:35]} 9. Ne5
{[%clk 1:28:31]} Bb7 {[%clk 1:28:22]} 10. f4 {[%clk 1:26:43]} Ne7
{[%clk 1:25:45]} 11. Qf3 {[%clk 1:23:52]} Nf5 {[%clk 1:22:20]} 12. O-O
{[%clk 1:02:58]} Be7 {[%clk 1:15:36]} 13. Rad1 {[%clk 1:02:25]} Nd6
{[%clk 1:11:37]} 14. f5 {[%clk 0:51:10]} exf5 {[%clk 0:59:58]} 15. Bxf5
{[%clk 0:48:36]} Nxf5 {[%clk 0:50:08]} 16. Qxf5 {[%clk 0:47:06]} Qc8
{[%clk 0:47:30]} 17. Bh4 {[%clk 0:41:03]} Re8 {[%clk 0:35:02]} 18. Qf3
{[%clk 0:26:03]} Qe6 {[%clk 0:31:25]} 19. Rf2 {[%clk 0:21:45]} Rf8
{[%clk 0:21:25]} 20. Qf5 {[%clk 0:16:12]} Qxf5 {[%clk 0:11:31]} 21. Rxf5
{[%clk 0:14:31]} Rfe8 {[%clk 0:10:40]} 22. Rdf1 {[%clk 0:14:34]} Bc8
{[%clk 0:05:56]} 23. R5f2 {[%clk 0:04:02]} Ng4 {[%clk 0:02:27]} 24. Nxg4
{[%clk 0:04:03]} Bxh4 {[%clk 0:02:48]} 25. g3 {[%clk 0:04:01]} Bg5
{[%clk 0:00:51]} 26. Nf3 {[%clk 0:03:32]} Be7 {[%clk 0:00:41]} 27. Nge5
{[%clk 0:03:17]} f6 {[%clk 0:00:38]} 28. Nd3 {[%clk 0:03:39]} c4 {[%clk 0:00:34]}
29. Nf4 {[%clk 0:03:45]} Bb7 {[%clk 0:00:58]} 30. h4 {[%clk 0:04:07]} Bd6
{[%clk 0:00:54]} 31. Re1 {[%clk 0:04:19]} b5 {[%clk 0:00:43]} 32. h5
{[%clk 0:04:11]} h6 {[%clk 0:00:52]} 33. Nh4 {[%clk 0:04:16]} Bc7
{[%clk 0:00:32]} 34. Nf5 {[%clk 0:04:22]} Kf7 {[%clk 0:00:36]} 35. Kg2
{[%clk 0:04:15]} a5 {[%clk 0:00:39]} 36. a3 {[%clk 0:04:09]} Bc6 {[%clk 0:00:48]}
37. Kf3 {[%clk 0:03:47]} b4 {[%clk 0:00:33]} 38. axb4 {[%clk 0:02:52]} axb4
{[%clk 0:00:59]} 39. cxb4 {[%clk 0:03:16]} Reb8 {[%clk 0:00:44]} 40. Rg2
{[%clk 0:33:28]} Rxb4 {[%clk 0:30:41]} 41. Rc1 {[%clk 0:31:49]} Ra2
{[%clk 0:24:53]} 42. Rcc2 {[%clk 0:31:38]} Ra1 {[%clk 0:25:03]} 43. Rcd2
{[%clk 0:24:48]} Rb5 {[%clk 0:17:32]} 44. Ng6 {[%clk 0:17:48]} Bd7
{[%clk 0:14:24]} 45. Ngh4 {[%clk 0:16:15]} Rb3 {[%clk 0:12:49]} 46. Rgf2
{[%clk 0:13:41]} Rb1 {[%clk 0:10:24]} 47. Kg2 {[%clk 0:13:43]} Rd3
{[%clk 0:09:14]} 48. Rde2 {[%clk 0:12:34]} Ba4 {[%clk 0:07:05]} 49. g4
{[%clk 0:06:06]} Rdd1 {[%clk 0:00:53]} 50. Nf3 {[%clk 0:05:56]} Rdc1
{[%clk 0:00:39]} 51. e4 {[%clk 0:05:20]} dxe4 {[%clk 0:00:36]} 52. Rxe4
{[%clk 0:05:38]} Bb8 {[%clk 0:00:31]} 53. d5 {[%clk 0:05:49]} Rd1
{[%clk 0:00:32]} 54. Rxc4 {[%clk 0:05:54]} Bd7 {[%clk 0:00:54]} 55. N3d4
{[%clk 0:04:41]} Be5 {[%clk 0:00:33]} 56. d6 {[%clk 0:01:49]} Bxf5
{[%clk 0:00:31]} 57. Rc7+ {[%clk 0:01:52]} Kf8 {[%clk 0:00:33]} 58. Nxf5
{[%clk 0:02:18]} Bxd6 {[%clk 0:00:39]} 59. Rxg7 {[%clk 0:02:27]} Rg1+
{[%clk 0:00:54]} 60. Kf3 {[%clk 0:02:43]} Bc5 {[%clk 0:00:32]} 61. Re2
{[%clk 0:01:39]} Rge1 {[%clk 0:00:33]} 62. Rxe1 Rxe1 {[%clk 0:01:00]} 63. Rc7
{[%clk 0:01:53]} Bb4 {[%clk 0:00:39]} 64. Rc8+ {[%clk 0:01:44]} Kf7
{[%clk 0:01:02]} 65. Nxh6+ {[%clk 0:02:12]} Kg7 {[%clk 0:01:08]} 66. Nf5+
{[%clk 0:02:37]} Kh7 {[%clk 0:01:04]} 67. Rc7+ {[%clk 0:02:26]} Kg8
{[%clk 0:00:54]} 68. Rc2 {[%clk 0:01:07]} Rh1 {[%clk 0:00:32]} 69. Ke4
{[%clk 0:00:47]} Re1+ {[%clk 0:00:34]} 70. Kd5 {[%clk 0:00:56]} Re5+
{[%clk 0:00:58]} 71. Kc6 {[%clk 0:01:00]} Re4 {[%clk 0:00:57]} 72. Kb5
{[%clk 0:01:16]} Bf8 {[%clk 0:01:06]} 73. Rc4 {[%clk 0:01:42]} Re5+
{[%clk 0:01:09]} 74. Ka4 {[%clk 0:02:06]} Kf7 {[%clk 0:01:11]} 75. b4
{[%clk 0:02:31]} Re1 {[%clk 0:01:34]} 76. Ka5 {[%clk 0:02:26]} Rb1
{[%clk 0:01:23]} 77. b5 {[%clk 0:02:25]} Ba3 {[%clk 0:01:29]} 78. Re4
{[%clk 0:01:25]} Bb2 {[%clk 0:01:11]} 79. Rc4 {[%clk 0:00:42]} Be5
{[%clk 0:01:31]} 80. b6 {[%clk 0:01:07]} Rb2 {[%clk 0:01:16]} 81. Ka6
{[%clk 0:01:23]} Ke6 {[%clk 0:00:47]} 82. Rc8 {[%clk 0:01:05]} Bf4
{[%clk 0:00:44]} 83. Rc4 {[%clk 0:01:10]} Be5 {[%clk 0:00:41]} 84. Kb7
{[%clk 0:01:26]} Kd7 {[%clk 0:00:57]} 85. Rc1 {[%clk 0:01:34]} Ke6
{[%clk 0:01:04]} 86. Rh1 {[%clk 0:01:16]} Rd2 {[%clk 0:00:48]} 87. h6
{[%clk 0:01:01]} Rd8 {[%clk 0:01:13]} 88. h7 {[%clk 0:01:02]} Rh8
{[%clk 0:01:30]} 89. Kc6 {[%clk 0:01:03]} Kf7 {[%clk 0:01:34]} 90. Kd7
{[%clk 0:01:05]} Bb8 {[%clk 0:01:07]} 91. b7 {[%clk 0:00:54]} Kg6
{[%clk 0:01:01]} 92. Rh5 {[%clk 0:01:04]} Kf7 {[%clk 0:00:49]} 93. Ne7
{[%clk 0:00:58]} Bg3 {[%clk 0:00:42]} 94. Nc6 {[%clk 0:00:57]} Kg7
{[%clk 0:00:54]} 95. Ke7 {[%clk 0:00:52]} Bc7 {[%clk 0:00:50]} 96. b8=Q
{[%clk 0:00:57]} Bxb8 {[%clk 0:01:05]} 97. Nxb8 {[%clk 0:01:25]} Kg6
{[%clk 0:00:34]} 98. Nd7 {[%clk 0:01:26]} f5 {[%clk 0:00:35]} 99. Nf8+
{[%clk 0:01:39]} 1-0

[Event "Team men HL chess 2016"]
[Site "Sochi"]
[Date "2016.05.04"]
[Round "4.5"]
[White "Potapov, Pavel"]
[Black "Demidov, Mikhail"]
[Result "0-1"]
[WhiteElo "2485"]
[BlackElo "2506"]
[PlyCount "120"]
[EventDate "2016.05.01"]

1. e4 e6 2. d4 d5 3. e5 c5 4. c3 Nc6 5. Nf3 Bd7 6. Be2 f6 7. O-O fxe5 8. Nxe5
Nxe5 9. dxe5 Ne7 10. Nd2 g6 11. Nf3 Bg7 12. Bg5 Qb6 13. Bf6 Bxf6 14. exf6 Nc6
15. Ng5 h6 16. Nh3 O-O 17. Qd2 Kh7 18. Qf4 e5 19. Qh4 Bxh3 20. Qxh3 Qc7 21.
Rad1 Rad8 22. g4 Qc8 23. f4 Rxf6 24. f5 gxf5 25. gxf5 Rg8+ 26. Kh1 Ne7 27. Bh5
Qc6 28. Rde1 e4 29. Rf4 Rg5 30. Bg4 Qd6 31. Ref1 Nc6 32. Qe3 Ne5 33. Be2 Qc6
34. h4 Rg7 35. c4 Nxc4 36. Bxc4 dxc4 37. Qxe4 Qxe4+ 38. Rxe4 Rgf7 39. Re5 b6
40. Kg2 Rd6 41. Rf2 Kg7 42. Kg3 Kf6 43. Re4 Rg7+ 44. Kh2 b5 45. Re8 Rgd7 46.
Rf8+ Ke7 47. Rc8 Rd2 48. Rxd2 Rxd2+ 49. Kg3 Rxb2 50. Rxc5 a6 51. a4 Rb4 52.
axb5 axb5 53. Rc6 Ra4 54. Rc5 Kd6 55. Rxb5 c3 56. f6 c2 57. f7 Ra8 58. Rb6+ Kc7
59. Ra6 c1=Q 60. Rxa8 Qe3+ 0-1

[Event "Team men HL chess 2016"]
[Site "Sochi"]
[Date "2016.05.04"]
[Round "4.5"]
[White "Utnasunov, Alexander"]
[Black "Belyakov, Bogdan"]
[Result "1/2-1/2"]
[WhiteElo "2423"]
[BlackElo "2493"]
[PlyCount "120"]
[EventDate "2016.05.01"]

1. d4 Nf6 2. c4 e6 3. Nc3 d5 4. cxd5 exd5 5. Bg5 c6 6. e3 Nbd7 7. Bd3 h6 8. Bh4
Be7 9. Qc2 O-O 10. Nge2 Ne8 11. Bg3 Ndf6 12. f3 Be6 13. O-O Rc8 14. Rad1 Bd6
15. Nf4 Bxf4 16. Bxf4 Nh5 17. Ne2 Nxf4 18. Nxf4 Nd6 19. e4 Qg5 20. Nxe6 fxe6
21. e5 Nf5 22. Bxf5 Rxf5 23. b4 Rcf8 24. Rd3 a6 25. a4 h5 26. Qd2 Qg6 27. Rb3
Rf4 28. Kh1 h4 29. h3 R4f7 30. b5 axb5 31. axb5 Rc7 32. Qd3 Qxd3 33. Rxd3 cxb5
34. Rb3 Rf4 35. Rd1 Kf7 36. Rxb5 Kg6 37. Kg1 Rc4 38. Rxb7 Rfxd4 39. Rxd4 Rxd4
40. Re7 Kf5 41. Rxg7 Kxe5 42. Kf2 Ra4 43. Rg5+ Kf6 44. Rg8 Kf7 45. Rg5 Kf6 46.
Rg8 e5 47. Ke3 Ra3+ 48. Ke2 Ra2+ 49. Kd3 Ra7 50. Rf8+ Kg6 51. Rd8 Ra3+ 52. Ke2
Ra2+ 53. Kd3 Kf5 54. Rxd5 Kf4 55. Rb5 Rxg2 56. Rb4+ Kg3 57. Re4 Kxh3 58. Rxe5
Rg8 59. f4 Kg4 60. Rg5+ Rxg5 1/2-1/2

[Event "Team men HL chess 2016"]
[Site "Sochi"]
[Date "2016.05.04"]
[Round "4.5"]
[White "Savitskiy, Sergey"]
[Black "Geivondian, Arman"]
[Result "1-0"]
[WhiteElo "2401"]
[BlackElo "2405"]
[PlyCount "129"]
[EventDate "2016.05.01"]

1. Nf3 Nf6 2. g3 e6 3. Bg2 b6 4. O-O Bb7 5. d3 d5 6. Nbd2 Nbd7 7. Re1 Bc5 8.
Nb3 Be7 9. e4 dxe4 10. Ng5 h6 11. Nxe4 Nxe4 12. dxe4 e5 13. Qg4 Nf6 14. Qe2 O-O
15. f4 exf4 16. Bxf4 Re8 17. Rad1 Qc8 18. e5 Bxg2 19. Qxg2 Nh7 20. e6 fxe6 21.
Qc6 Bd6 22. Bxd6 cxd6 23. Rxd6 Ng5 24. Qxc8 Raxc8 25. Re2 Rf8 26. Kg2 e5 27. c3
Rc7 28. Rd5 e4 29. Re5 Rd7 30. h4 Nf3 31. R5xe4 Rd1 32. Re8 Rxe8 33. Rxe8+ Kf7
34. Ra8 Ne1+ 35. Kf2 Nd3+ 36. Ke2 Nxb2 37. Rxa7+ Kf6 38. Rb7 Rd6 39. Nd4 g6 40.
Rh7 h5 41. Rc7 Na4 42. Kd3 Nc5+ 43. Ke3 Ne6 44. Nxe6 Rxe6+ 45. Kf4 Re2 46. Rc6+
Kg7 47. Rxb6 Rxa2 48. Rb5 Re2 49. Re5 Rc2 50. Rc5 Re2 51. Kg5 Re7 52. c4 Kf7
53. Rc6 Re3 54. Rf6+ Ke7 55. Rxg6 Rxg3+ 56. Kxh5 Rc3 57. Rg4 Kf6 58. Rf4+ Ke5
59. Kg5 Rh3 60. Rg4 Ke6 61. Kg6 Ke7 62. h5 Kf8 63. h6 Kg8 64. c5 Kh8 65. Rc4
1-0

[Event "Team men HL chess 2016"]
[Site "Sochi"]
[Date "2016.05.04"]
[Round "4.5"]
[White "Vastrukhin, Oleg"]
[Black "Sergeyev, Alexander"]
[Result "1-0"]
[WhiteElo "2401"]
[BlackElo "2388"]
[PlyCount "72"]
[EventDate "2016.05.01"]

1. Nf3 d5 2. g3 Bg4 3. Ne5 Bh5 4. d4 e6 5. Bg2 Nf6 6. c4 c6 7. Nc3 Nbd7 8. Qb3
Qb6 9. Nxd7 Nxd7 10. O-O Be7 11. e4 Qxb3 12. axb3 dxc4 13. bxc4 e5 14. Be3 f6
15. d5 Bc5 16. Bxc5 Nxc5 17. Ra3 Kd7 18. b4 Nd3 19. Rb1 a5 20. Na4 Nxb4 21.
Nb6+ Kd6 22. Nxa8 Rxa8 23. Rxb4 axb4 24. Rxa8 Bd1 25. dxc6 Kxc6 26. Rc8+ Kb6
27. c5+ Ka7 28. Bf1 Bc2 29. f3 b3 30. Bc4 b2 31. Ba2 f5 32. exf5 Bxf5 33. Re8
b1=Q+ 34. Bxb1 Bxb1 35. Rxe5 g6 36. Re7 h6 1-0

[Event "Team men HL chess 2016"]
[Site "Sochi"]
[Date "2016.05.04"]
[Round "4.6"]
[White "Alekseenko, Kirill"]
[Black "Chekhov, Sergei"]
[Result "1-0"]
[WhiteElo "2570"]
[BlackElo "2465"]
[PlyCount "65"]
[EventDate "2016.05.01"]

1. e4 c5 2. Nf3 e6 3. d4 cxd4 4. Nxd4 a6 5. Nc3 Qc7 6. Be2 Bb4 7. O-O Nf6 8.
Qd3 Nc6 9. Kh1 O-O 10. Bg5 Bxc3 11. bxc3 Qe5 12. f4 Qxe4 13. Qg3 Nxd4 14. Bxf6
Nf5 15. Qg4 h5 16. Qxh5 gxf6 17. Bd3 Qd5 18. Rf3 Re8 19. Bxf5 Kf8 20. Qh6+ Ke7
21. Bg4 Qc4 22. Rd3 b5 23. Bf3 Rb8 24. f5 Qc5 25. fxe6 dxe6 26. Qh4 Rb6 27. Rf1
Qc4 28. Qf2 Rd6 29. Be2 Rxd3 30. Qxf6+ Kd7 31. Bxd3 Qxa2 32. Qxf7+ Re7 33.
Bxb5+ 1-0

[Event "Team men HL chess 2016"]
[Site "Sochi"]
[Date "2016.05.04"]
[Round "4.6"]
[White "Rodin, Dmitrij"]
[Black "Levin, Evgeny A"]
[Result "0-1"]
[WhiteElo "2363"]
[BlackElo "2510"]
[PlyCount "126"]
[EventDate "2016.05.01"]

1. e4 e6 2. d4 d5 3. Nd2 c5 4. exd5 Qxd5 5. Ngf3 cxd4 6. Bc4 Qd8 7. O-O a6 8.
Nb3 Qc7 9. Qxd4 Nc6 10. Qh4 Bd6 11. c3 Nge7 12. Bd3 Bd7 13. Nbd2 Nd5 14. Nc4
Be7 15. Qg3 Qxg3 16. hxg3 Rd8 17. Bd2 f6 18. Rad1 e5 19. Bc2 Be6 20. Bb3 Kf7
21. Ne3 e4 22. Nd4 Nxd4 23. cxd4 Nxe3 24. Bxe6+ Kxe6 25. fxe3 Rd5 26. Rf4 f5
27. g4 g6 28. Rc1 h5 29. gxf5+ gxf5 30. Rff1 Bd6 31. Kf2 Rg8 32. Rh1 h4 33. Kf1
Bg3 34. Be1 Bxe1 35. Rxe1 Rg4 36. Kf2 f4 37. Rc1 Kf5 38. Rc3 fxe3+ 39. Kxe3
Rg3+ 40. Kf2 Rxd4 41. Rxg3 hxg3+ 42. Kxg3 Rd3+ 43. Kf2 Rd2+ 44. Ke3 Rxb2 45.
Rh5+ Ke6 46. Ra5 Rxg2 47. Kxe4 Rd2 48. Ke3 Rd1 49. Ra3 Rd5 50. Rd3 Ra5 51. Rd2
Ke5 52. Kd3 Rd5+ 53. Kc3 Rxd2 54. Kxd2 Kd4 55. Kc2 Kc4 56. Kb2 Kb4 57. Kc2 Ka3
58. Kb1 a5 59. Ka1 a4 60. Kb1 b6 61. Ka1 b5 62. Kb1 b4 63. Ka1 b3 0-1